| 000 | 00599nam a2200205 a 4500 | ||
|---|---|---|---|
| 001 | 000020680 | ||
| 003 | OSt | ||
| 005 | 20240508073815.0 | ||
| 008 | 100812s2016 000 0 spa d | ||
| 020 | _a9789945586800 | ||
| 040 |
_aDO-SdBNP _bspa _cBNPHU |
||
| 082 | _bM156n | ||
| 100 | 1 |
_aMackenzie, Charles _943432 |
|
| 245 | 1 | 0 |
_aNotas sobre Haití. _cCharles Mackenzie |
| 260 |
_aSanto Domingo : _c2016, _bArchivo General de la Naciòn |
||
| 300 |
_a500 p. ; _c24 cm |
||
| 490 |
_aArchivo General de la Naciòn _vCCLXXXL |
||
| 700 |
_aMartì Chabebe, Josè _eTraductor _976569 |
||
| 942 |
_2ddc _cLF1 |
||
| 999 |
_c20184 _d20184 |
||